00439nam a22001577a 450000500170000001000150001702000260003203500140005803700130007208200130008510000240009824500640012226000350018627000430022130000170026420230719153438.0 aENG-137473 c250.00a9788184303643 aEN-121005 bDBAD/PUB a920.9024 aMishra, Vinod Kumar aThe Life and Time of LEONARDO DA VINCIcVinod Kumar Mishra  aNew DelhibOCEAN BOOKS Pvt Ltd a4/19 ASAF ALI ROAD bNew Delhie110002 a142p.c23cm,